Eurovision 2024 Bilderquiz Teil 2 - Statistiken

Allgemein
  • Dieses Quiz wurde 16 mal gespielt
  • Das Durchschnittsergebnis liegt bei 9 aus 12
Antwortstatistiken
Bildquiz Antwort % Korrekt
Niederlande
100%
Dänemark
85%
Schweden
77%
Zypern
77%
Belgien
69%
Georgien
69%
Griechenland
69%
Litauen
69%
Luxemburg
69%
Norwegen
69%
Malta
54%
Albanien
46%
Keine übereinstimmenden Quizze gefunden
Verteilung der Resultate
Anzahl Personen mit jedem Resultat
Perzentil nach korrekt beantworteten Fragen
Ihre Resultats-Entwicklung
Sie haben dieses Quiz noch nicht gespielt